Statistics for Drugs to Know (Narcotics)

Click here to take the quiz!

General Stats

  • This quiz has been taken 129 times
  • The average score is 1 of 20

Answer Stats

Answer% Correct
Cocaine
89%
Oxycodone
14%
Codeine
13%
Hydrocodone
8%
Hydromorphone
6%
Methadone
5%
Diacetylmorphine
2%
Dihydrocodeine
1%
Opium (belladonna)
1%
Anileridine
0%
Dextropropoxyphene
0%
Dihydromorphine
0%
Diphenoxylate
0%
Fentanyl (Duragesic)
0%
Levorphanol
0%
Morphine (MS Contin, Statex, Kadian)
0%
Nalorphine
0%
Normethadone
0%
Pentazocine
0%
Pethidine/Meperidine (Demerol)
0%

Score Distribution

Percentile by Number Answered

Percent of People with Each Score

Your Score History

You have not taken this quiz